César du meilleur film étranger de 2000 à 2023 - Statistiques

Statistiques générales
  • Ce quiz a été pris 67 fois
  • Le résultat moyen est 13 sur 24
Statistiques - réponses
Année de la cérémonie Réalisateur Pays de production Film % Correct
2020 Bong Joon-ho Corée du Sud Parasite
96%
2006 Clint Eastwood États-Unis Million Dollar Baby
78%
2010 Clint Eastwood États-Unis Gran Torino
73%
2005 Sofia Coppola États-Unis Lost In Translation
71%
2021 Thomas Vinterberg Danemark Drunk
67%
2015 Xavier Dolan Canada Mommy
67%
2000 Pedro Almodóvar Espagne Tout sur ma mère
67%
2002 David Lynch États-Unis Mulholland Drive
65%
2022 Florian Zeller Royaume-Uni, France The Father
63%
2001 Wong Kar-wai Hong Kong In the Mood for Love
61%
2013 Ben Affleck États-Unis Argo
59%
2008 Florian Henckel von Donnersmarck Allemagne La Vie des autres
55%
2023 Rodrigo Sorogoyen Espagne, France As bestas
51%
2016 Alejandro González Iñárritu États-Unis Birdman
51%
2017 Ken Loach Royaume-Uni Moi, Daniel Blake
47%
2012 Asghar Farhadi Iran Une séparation
47%
2004 Clint Eastwood États-Unis Mystic River
45%
2019 Hirokazu Kore-eda Japon Une affaire de famille
45%
2003 Michael Moore États-Unis Bowling for Columbine
41%
2014 Felix Van Groeningen Belgique Alabama Monroe
39%
2009 Ari Folman Israël Valse avec Bachir
39%
2007 Jonathan Dayton, Valerie Faris États-Unis Little Miss Sunshine
31%
2011 David Fincher États-Unis The Social Network
31%
2018 Andreï Zviaguintsev Russie, Allemagne, Belgique, France Faute d'amour
22%
Aucun quiz correspondant
Distribution des résultats
% des personnes avec chaque résultat
Percentile par nombre de réponses
Votre historique - résultats
Vous n’avez pas pris ce quiz